000 00506nam a2200193Ia 4500
005 20250326141706.0
008 250326s9999 xx 000 0 und d
020 _a0-205-11924-7
037 _aTextbook
040 _aFMSL
_beng
_cFMSL
041 _aeng
_2eng
084 _aX65 N0
_qFMSL
100 _aHoban J P
_9744913
245 0 _aContemporary investments
_cHoban J P
260 _aUSA
_bUSA, Allyn & Bacon
_c1990
300 _a544p
942 _cTB
_hX65 N0
999 _c1291523
_d1291523